000 00532nam a2200217Ia 4500
003 OSt
005 20220928150129.0
006 a|||||r|||| 00| 0
007 ta
008 220927b |||||||| |||| 00| 0 eng d
024 _a88286
037 _cTextual
040 _aSDCL
_cSDCL
_beng
041 _2eng
_aeng
082 _aO142,3MBIx, P4
100 _aBownin Ivan
_9515444
245 0 _aChuni hui rachnaaye.
260 _c2004
942 _hO142,3MBIx, P4
_cTEXL
_2CC
999 _c840196
_d840196